Ekonomika sel'skogo chozjajstva Al'bom nagljadnych posobij

Gespeichert in:
Bibliographische Detailangaben
Format: Buch
Sprache:Russisch
Veröffentlicht: Moskva Agropromizdat 1987
Ausgabe:1. izd.
Tags: Tag hinzufügen
Keine Tags, Fügen Sie das erste Tag hinzu!

MARC

LEADER 00000nam a2200000 4500
001 c026054
005 20221219131327.6
041 0 |a rus 
044 |a RU 
245 1 0 |a Ekonomika sel'skogo chozjajstva  |b Al'bom nagljadnych posobij 
250 |a 1. izd. 
264 1 |a Moskva  |b Agropromizdat  |c 1987 
300 |a 367 s.